000 01272nam a2200253 a 4500
001 BRCA_9005
003 FranzMayer
005 20230728115807.0
008 190717s1702----sp-a######---#000-0#spa-#
040 _aMFM
_besp
_cMFM
041 _aspa
044 _asp
084 _aCOB28
_b.T67 1702
100 1 _aTorres, Joseph de
_922347
245 1 0 _aReglas generales de acompañar, en organo, clavicordio, y harpa, con solo saber cantar la parte, ò vn baxo en canto figurado
_bdistribuida en tres partes: en la primera se enseñan los fundamentos, que deben de proceder al acompañar, en la segunda el modo de acompañar, vsando solo de especies consonantes, y en la tercera el modo de practicar las especies falas, assi dentro de la ligadura, como fuera de ella
_ccompuestas por Don Joseph de Torres, Organista principal de la Real Capilla.
260 _aMadrid
_bEn la Imprenta de Mvsica
_c1702
300 _a[7], [12], 143 p.
_bil.
_c20.8 x 15 cm
500 _aCon privilegio
500 _aEn portada: Dedicalas al Ilvstrissimo señor Don Pedro Portocarrero, y Guzmán, Patriarcha de las Indias, &c.
500 _aEstado físico: presenta encuadernación en pergamino con cintas rotas
650 1 4 _aAcompañamiento musical
_922348
902 _aLAR
942 _2lcc
_cB
999 _c8656
_d8656